LEADER 01042nam a2200241 i 4500 001 000000063092 003 CaOOAMICUS 005 20120711000000.0 008 120711s1984 it u000 u ita u 013 $a34264 040 $aSeMil$bita 100 1 $aVecchio, Giorgio,$d<1950- >.$0(OLS)http://semarc/name/6973 245 10$aChiesa e problemi sociali :$bprofilo storico da Leone 13. a Giovanni Paolo 2. /$cGiorgio Vecchio. 260 $aMilano :$bIn Dialogo,$cstampa 1984. 300 $a148 p. :$bill. ;$c22 cm. 500 $aContiene : Bibliografia. - Fondo card. Giovanni Colombo. 650 4$aChiesa cattolica - Dottrina sociale.$0(OLS)http://semarc/subject/330 850 $aSeMil 852 $aSeMil$W1$xVenegono$y1$m2E III 285 °$j29245$B29245$CSeMilBibl$Z2$F29248 $81 941 1 $a3 961 $aLascito: Colombo Card. Giovanni 996 $6245$aChiesa e problemi sociali :$bprofilo storico da Leone 13. a Giovanni Paolo 2.$9(OLS)http://semarc/title/99453 996 $6260$aMilano :$bIn Dialogo$9(OLS)http://semarc/publisher/31663 LEADER 01566nam a2200325 i 4500 001 000000177652 003 CaOOAMICUS 005 20090217000000.0 008 090217s2006 it u000 u lat u 013 $a155212 020 $a88-209-7842-3 040 $aSeMil$bita 110 2 $aChiesa Cattolica.$0(OLS)http://semarc/name/987 245 10$aInstitutio generalis Missalis Romani :$btextus, synopsis, variationes /$cMaurizio Barba. 260 $aCittą del Vaticano :$bLibreria Editrice Vaticana,$c2006. 300 $aXXVI, 708 p. ;$c24 cm. 490 0 $aMonumenta Studia Instrumenta Liturgica ;$v45 500 $aTesto latino, introd. in italiano. - Raccolta e sinossi delle diverse edizioni dell'Institutio generalis Missalis Romani. 650 4$aMessale romano - Commenti e studi.$0(OLS)http://semarc/subject/290 650 4$aLibri liturgici - Messale romano.$0(OLS)http://semarc/subject/3820 700 1 $aBarba, Maurizio,$d<1969- >.$0(OLS)http://semarc/name/45634 830 0$aMonumenta Studia Instrumenta Liturgica ;$v45.$0(OLS)http://semarc/title/9420 850 $aSeMil 852 $aSeMil$W1$xVenegono$y1$m3K VI 269$j128457$B128457$CSeMilBibl$Z2$F139440 $81 910 2 $aSanta Sede. 961 $aAcquisto: DEA 996 $6020$a88-209-7842-3$9(OLS)http://semarc/number/166510 996 $6245$aInstitutio generalis Missalis Romani :$btextus, synopsis, variationes$9(OLS)http://semarc/title/255160 996 $6260$aCittą del Vaticano :$bLibreria Editrice Vaticana$9(OLS)http://semarc/publisher/29734